000 00495nmm a2200157Ia 4500
008 251105s9999||||xx |||||||||||||||||und||
041 _aspa
100 _aAlbarracín , Iván
245 0 _aLa odisea de Pancho Himmler y Paco Klingon :
_b (la búsqueda de dos madres desamparadas)
264 _a[Madrid, España] :
_bLantia,
_c2016
300 _a0 páginas
650 _aSpanish narrative
700 _a Gris , Manuel
856 _uhttps://public.digitaliapublishing.com/a/87515
942 _cCF
999 _c61655
_d61655